|
|
|
|
| LEADER |
01564nam a2200325 a 4500 |
| 001 |
16210729 |
| 008 |
110611s2010 enka b 001 0 eng |
| 010 |
|
|
|a 2010017151
|
| 020 |
|
|
|a 9781849710992 (hardback)
|
| 020 |
|
|
|a 1849710996 (hardback)
|
| 020 |
|
|
|a 9781849711005 (pbk.)
|
| 020 |
|
|
|a 1849711003 (pbk.)
|
| 035 |
|
|
|a (OCoLC)ocn611037306
|
| 040 |
|
|
|a DNAL/DLC
|c DLC
|d YDXCP
|d BWK
|d C#P
|d UKM
|d BTCTA
|d BWX
|d CDX
|d COO
|d DLC
|d BD-DhAAL
|
| 042 |
|
|
|a pcc
|
| 082 |
0 |
0 |
|a 633.1/8233
|2 22
|
| 100 |
1 |
|
|a Brooks, Sally.
|
| 245 |
1 |
0 |
|a Rice biofortification :
|b lessons for global science and development /
|c Sally Brooks.
|
| 260 |
|
|
|a London ;
|a Washington, DC :
|b Earthscan,
|c 2010.
|
| 300 |
|
|
|a xiv, 178 p. :
|b ill. ;
|c 24 cm.
|
| 490 |
1 |
|
|a Pathways to sustainability series
|
| 504 |
|
|
|a Includes bibliographical references (p. [157]-170) and index.
|
| 541 |
|
|
|e 00023090
|
| 505 |
0 |
|
|a 'Old lessons and new paradigms' : locating biofortification -- Building the argument: the case of iron rice -- An institutional model? The case of Golden Rice -- An alliance around an idea : the shifting boundaries of HarvestPlus -- Global science, public goods? A synthesis.
|
| 650 |
|
0 |
|a Rice
|x Breeding.
|
| 650 |
|
0 |
|a Crop improvement.
|
| 830 |
|
0 |
|a Pathways to sustainability series.
|
| 852 |
1 |
|
|a Ayesha Abed Library
|c General Shelf.
|
| 999 |
|
|
|c 10958
|d 10958
|
| 952 |
|
|
|0 0
|1 0
|2 ddc
|4 0
|6 633_100000000000000_8233_BRO
|7 0
|9 17164
|a BRACUL
|b BRACUL
|c GEN
|d 2011-06-06
|e Free/Complementary
|g 0.00
|l 1
|m 2
|o 633.18233 BRO
|p 3010023090
|r 2012-02-25
|s 2012-02-13
|t 1
|w 2011-06-11
|y BK
|x Free/Complementary
|